Normal view
MARC view
- حرب االخايج- ازمة الخليج
Entry Topical Term
001 - CONTROL NUMBER
- control field: 47782
003 - CONTROL NUMBER IDENTIFIER
- control field: JO-AjAnu
005 - DATE AND TIME OF LATEST TRANSACTION
- control field: 20230606081903.0
008 - FIXED-LENGTH DATA ELEMENTS
- fixed length control field: 230606|| aca||aabn | a|a d
040 ## - CATALOGING SOURCE
- Original cataloging agency: JO-AjAnu
- Transcribing agency: JO-AjAnu
150 ## - HEADING--TOPICAL TERM
- Topical term or geographic name entry element: حرب االخايج- ازمة الخليج
670 ## - SOURCE DATA FOUND
- Source citation: Work cat.: (JO-AjAnu)24450: بقلم سميث، جين ادوارد؛ ترجمة برهوم، محمد، ترجمة ناصر، نقولا, author 47781, حرب جورج بوش